Central Library OPAC University of Rajshahi

اردو کا کلاسیکی ادب : اردو کا کلاسیکی ادب : بیتا پچیی ## urdu ka kalasiki adab :beta pachyi / (Record no. 85318)

MARC details
000 -LEADER
fixed length control field 00702nam a22002057a 4500
001 - CONTROL NUMBER
control field 85318
003 - CONTROL NUMBER IDENTIFIER
rucl marc code BD-RjUL
005 - DATE AND TIME OF LATEST TRANSACTION
control field 20250724143438.0
008 - FIXED-LENGTH DATA ELEMENTS--GENERAL INFORMATION
fixed length control field 220117s1961 pk ||||| |||| 00| 0 urd d
035 ## - SYSTEM CONTROL NUMBER
System control number (BD-RjUL) 85318
040 ## - CATALOGING SOURCE
Original cataloging agency BD-RjUL
Language of cataloging eng
Transcribing agency BD-RjUL
041 ## - LANGUAGE CODE
Language code of text/sound track or separate title urd
082 ## - DEWEY DECIMAL CLASSIFICATION NUMBER
Edition number 23
Classification number 491.439
Author mark and year MAU1965
100 ## - MAIN ENTRY--PERSONAL NAME
Personal name مظہر علی ;; Mazhar ali
9 (RLIN) 782
245 ## - TITLE STATEMENT
Title اردو کا کلاسیکی ادب : اردو کا کلاسیکی ادب : بیتا پچیی ## urdu ka kalasiki adab :beta pachyi /
Statement of responsibility, etc. مظہر علی ;;Mazhar Ali
260 ## - PUBLICATION, DISTRIBUTION, ETC. (IMPRINT)
Place of publication, distribution, etc. لاہور ;; Lahore :
Name of publisher, distributor, etc. Majlise taraqi Adab,
Date of publication, distribution, etc. 1961
300 ## - PHYSICAL DESCRIPTION
Pagination 194 p. ;
Size 22 cm
650 ## - SUBJECT ADDED ENTRY--TOPICAL TERM
Topical term or geographic name as entry element Urdu Languae
9 (RLIN) 783
942 ## - ADDED ENTRY ELEMENTS (KOHA)
Source of classification or shelving scheme Dewey Decimal Classification
Koha item type Books
Holdings
Lost status Source of classification or shelving scheme Damaged status Not for loan Collection code Permanent Location Current Location Shelving location Date acquired Source of acquisition Cost, normal purchase price Total Checkouts Full call number Date last seen Copy number Koha item type
  Dewey Decimal Classification   Not For Loan Non-fiction Central Library, University of Rajshahi Central Library, University of Rajshahi Reading Room 05/10/1971 Sh. Mubarak ali 4.00   U 491.439 MAU1965 24/07/2025 C-1 Books